000 00585nam a2200253Ia 4500
005 20250425162016.0
008 250425s9999 xx 000 0 und d
020 _a9682603242
041 _aspa
082 _a530
100 _aHALLIDAY, DAVID
245 0 _aFISICA PARTE 2
250 _a1A ED.
260 _aMEXICO
260 _aMéxico
_bCECSA
_c1982
300 _a646
500 _aTítulo Traducido: PHYSICS PART TWO
650 _aCAPACITORES
650 _aFISICA
650 _aONDAS
700 _aRAUL GOMEZ GONZALEZ
_etraductor
942 _c01
010 _a40271
999 _c220547
_d220547